|
|
|
|
| LEADER |
01286nam a2200325 a 4500 |
| 001 |
3682 |
| 003 |
BD-DhAAL |
| 005 |
20150908095800.0 |
| 008 |
150908s2000 ctua b 001 0 eng |
| 010 |
|
|
|a 00268844
|
| 020 |
|
|
|a 0697391051
|
| 020 |
|
|
|a 0072327391
|
| 040 |
|
|
|a DLC
|c DLC
|d DLC
|d BD-DhAAL
|
| 050 |
0 |
0 |
|a HC106.7
|b .T34 2000
|
| 082 |
0 |
0 |
|a 338.9
|2 21
|
| 245 |
0 |
0 |
|a Taking sides.
|p Clashing views on controversial economic issues /
|c edited, selected, and with introductions by Thomas R. Swartz and Frank J. Bonello.
|
| 246 |
3 |
0 |
|a Clashing views on controversial economic issues
|
| 250 |
|
|
|a 8th ed.
|
| 260 |
|
|
|a Guilford, Conn. :
|b Dushkin/McGraw-Hill,
|c c1998.
|
| 300 |
|
|
|a xvii, 378 p. :
|b ill. ;
|c 24 cm.
|
| 504 |
|
|
|a Includes bibliographical references and index.
|
| 583 |
|
|
|e 3682
|
| 651 |
|
0 |
|a United States
|x Economic policy
|y 1971-1981.
|9 14465
|
| 651 |
|
0 |
|a United States
|x Economic policy
|y 1981-1993.
|9 14466
|
| 651 |
|
0 |
|a United States
|x Economic policy
|y 1993-2001.
|9 14467
|
| 700 |
1 |
|
|a Swartz, Thomas R.
|9 14468
|
| 700 |
1 |
|
|a Bonello, Frank J.
|9 14469
|
| 942 |
|
|
|2 ddc
|c BK
|
| 999 |
|
|
|c 35468
|d 35468
|
| 952 |
|
|
|0 0
|1 0
|2 ddc
|4 0
|6 338_900000000000000_TAK
|7 0
|9 55781
|a SCL
|b SCL
|c GEN
|d 2015-09-08
|e Gift: The Asia Foundation
|l 0
|o 338.9 TAK
|p 3020003682
|r 2015-09-08
|t 1
|w 2015-09-08
|y BK
|